| 000 | 01282nam a2200241Ia 4500 | ||
|---|---|---|---|
| 003 | Ost | ||
| 005 | 20260507075600.0 | ||
| 008 | 260507s9999||||xx |||||||||||||| ||und|| | ||
| 020 | _a996024090x | ||
| 040 | _cfsecg | ||
| 041 | _aara | ||
| 082 | _a0 | ||
| 100 |
_aهاكار، ميشيل _eمؤلف |
||
| 245 | 0 |
_aمقدمة للتقنيات المعاصرة في عصر المعلومات / _c ميشيل هاكار |
|
| 260 |
_aالرياض: _bدار المريخ للنشر, _c2006 |
||
| 300 |
_a868 صفحة؛ _bإيضاحات ؛ _c24 سم |
||
| 520 | _aالتقنية في العالم المتغير, موارد التقنية, حل المشكلة و النظم, عصر الحاسب الالكتروني, نظم الاتصالات, اتصالات الرسومات, الاتصالات الالكترونية, تشغيل المواد- التصنيع- التشييد- بناء الهيكل-ادارة نظم الانتاج - الطاقة- القوة و النقل واخيرا التاثيرات الحالية و المستقبلية. | ||
| 653 | _aتقنيات معاصرة | ||
| 653 | _aعصر المعلومات | ||
| 653 | _aنظم المعلومات- المؤسسة الممتدة | ||
| 700 |
_aباردن، روبرت _eمؤلف ثانوي |
||
| 942 | _cكتاب | ||
| 999 |
_c45000 _d45000 |
||